000
00255nam a2200097Ia 4500
008
120527s9999 xx 000 0 und d
100
_a
OSENI,I.Zakariyau.
245
_a
A digest on Islamic law and Jurisprudence in Nigeria.
260
_b
NAMLAS
942
_c
BK
999
_c
23851
_d
23851